000
00324nam a22001457a 4500
003
SGT
020
_a
978-81-312-5269-7
082
_a
610.72
_b
N18S
100
_a
SHARMA, SURESH
245
_a
NURSING RESEARCH & STATISTICS
250
_a
3RD
260
_a
INDIA
_b
ELSEVIER PUB
_c
2018
300
_a
610
942
_2
ddc
_c
BK
_0
92
999
_c
16568
_d
16568